<?xml version="1.0" encoding="UTF-8"?>
<collection xmlns="http://www.loc.gov/MARC21/slim">
  <record>
    <leader>00000nam  2200000   4500</leader>
    <controlfield tag="001">INLIS000000000015166</controlfield>
    <controlfield tag="005">20221129022643</controlfield>
    <datafield tag="035" ind1="#" ind2="#">
      <subfield code="a">0010-1122000399</subfield>
    </datafield>
    <controlfield tag="007">ta</controlfield>
    <controlfield tag="008">221129################e##########0#eng##</controlfield>
    <datafield tag="020" ind1="#" ind2="#">
      <subfield code="a">978-337-10227-8</subfield>
    </datafield>
    <datafield tag="082" ind1="#" ind2="#">
      <subfield code="a">303.34</subfield>
    </datafield>
    <datafield tag="084" ind1="#" ind2="#">
      <subfield code="a">303.34 DAF t</subfield>
    </datafield>
    <datafield tag="100" ind1="1" ind2="#">
      <subfield code="a">Daft Richard L</subfield>
    </datafield>
    <datafield tag="245" ind1="1" ind2="#">
      <subfield code="a">The Leadership Experience /</subfield>
      <subfield code="c">Richard L. Daft</subfield>
    </datafield>
    <datafield tag="250" ind1="#" ind2="#">
      <subfield code="a">1</subfield>
    </datafield>
    <datafield tag="260" ind1="#" ind2="#">
      <subfield code="a">USA :</subfield>
      <subfield code="b">Cengage,</subfield>
      <subfield code="c">2019</subfield>
    </datafield>
    <datafield tag="300" ind1="#" ind2="#">
      <subfield code="a">508 :</subfield>
      <subfield code="b">ilus ;</subfield>
      <subfield code="c">25x20,5x2</subfield>
    </datafield>
    <datafield tag="650" ind1="#" ind2="4">
      <subfield code="a">Kepemimpinan</subfield>
    </datafield>
    <datafield tag="856" ind1="#" ind2="#">
      <subfield code="a">Perpustakaan LAN Pusat</subfield>
    </datafield>
    <datafield tag="990" ind1="#" ind2="#">
      <subfield code="a">220819735</subfield>
    </datafield>
    <datafield tag="990" ind1="#" ind2="#">
      <subfield code="a">220919734</subfield>
    </datafield>
  </record>
</collection>
